header

Radar and ARPA manual (Record no. 82000)

MARC details
000 -LEADER
fixed length control field 01263nam a2200325Ia 4500
082 04 - DEWEY DECIMAL CLASSIFICATION NUMBER
Classification number 623.8933
100 1# - MAIN ENTRY--AUTHOR NAME
Personal name Bole, A. G.
245 10 - TITLE STATEMENT
Title Radar and ARPA manual
250 ## - EDITION STATEMENT
Edition statement 2nd ed /
260 ## - PUBLICATION, DISTRIBUTION, ETC. (IMPRINT)
Place of publication Amsterdam :
-- London :
Name of publisher Elsevier Butterworth Heinemann,
Year of publication 2005.
300 ## - PHYSICAL DESCRIPTION
Number of Pages xiii, 546 p. :
Other physical details ill.
500 ## - GENERAL NOTE
General note Previous ed.: A. G. Bole, W. O. Dineley. Oxford : Heinemann Newnes, 1990.
General note Includes index.
650 #0 - SUBJECT ADDED ENTRY--TOPICAL TERM
Topical Term Radar in navigation.
Topical Term Electronics in navigation.
700 1# - ADDED ENTRY--PERSONAL NAME
Personal name Dineley, W. O.
Personal name Wall, Alan,
856 40 - ELECTRONIC LOCATION AND ACCESS
Uniform Resource Identifier http://site.ebrary.com/lib/rucke/Doc?id=10127963

No items available.

© 2026 Rongo University
Contact us: librarian | system librarian | Rongo university